<?xml version="1.0" encoding="UTF-8"?>
<record
    xmlns:xsi="http://www.w3.org/2001/XMLSchema-instance"
    xsi:schemaLocation="http://www.loc.gov/MARC21/slim http://www.loc.gov/standards/marcxml/schema/MARC21slim.xsd"
    xmlns="http://www.loc.gov/MARC21/slim">

  <leader>00918na  a2200277   4500</leader>
  <datafield tag="952" ind1=" " ind2=" ">
    <subfield code="a">0001</subfield>
    <subfield code="b">0001</subfield>
    <subfield code="d">2019-01-09</subfield>
    <subfield code="e">2</subfield>
    <subfield code="l">0</subfield>
    <subfield code="o">956.1024 &#x130;77 1994</subfield>
    <subfield code="p">018692</subfield>
    <subfield code="r">2019-01-09 00:00:00</subfield>
    <subfield code="w">2019-01-09</subfield>
    <subfield code="y">BKS</subfield>
  </datafield>
  <datafield tag="999" ind1=" " ind2=" ">
    <subfield code="c">12555</subfield>
    <subfield code="d">12555</subfield>
  </datafield>
  <controlfield tag="001">24615</controlfield>
  <controlfield tag="003">MIRAKIL</controlfield>
  <controlfield tag="005">20211108133449.0</controlfield>
  <controlfield tag="008">181218b        tu            000 0      </controlfield>
  <datafield tag="020" ind1=" " ind2=" ">
    <subfield code="a">9757369330</subfield>
  </datafield>
  <datafield tag="040" ind1=" " ind2=" ">
    <subfield code="a">TR-AnCHP</subfield>
    <subfield code="c">TR-AnCHP</subfield>
  </datafield>
  <datafield tag="041" ind1=" " ind2=" ">
    <subfield code="a">tur</subfield>
  </datafield>
  <datafield tag="082" ind1=" " ind2=" ">
    <subfield code="a">956.1024</subfield>
    <subfield code="b">&#x130;77 1994</subfield>
  </datafield>
  <datafield tag="090" ind1=" " ind2=" ">
    <subfield code="a">956.1024 &#x130;77 1994</subfield>
  </datafield>
  <datafield tag="245" ind1=" " ind2=" ">
    <subfield code="a">&#x130;stiklal Mahkemeleri adil miydi?</subfield>
    <subfield code="b">&#x130;zmir Suikast&#x131; : iddianame ve K&#xE2;z&#x131;m Karabekir'in savunmas&#x131;</subfield>
    <subfield code="c">yay&#x131;na haz&#x131;rlayan S&#xFC;mer K&#x131;l&#x131;&#xE7;</subfield>
  </datafield>
  <datafield tag="260" ind1=" " ind2=" ">
    <subfield code="a">&#x130;stanbul</subfield>
    <subfield code="b">Emre yay&#x131;nlar&#x131;</subfield>
    <subfield code="c">1994</subfield>
  </datafield>
  <datafield tag="300" ind1=" " ind2=" ">
    <subfield code="a">320 s.</subfield>
    <subfield code="b">fot&#x11F;.</subfield>
    <subfield code="c">20 sm.</subfield>
  </datafield>
  <datafield tag="440" ind1=" " ind2=" ">
    <subfield code="a">Emre yay&#x131;nlar&#x131;</subfield>
    <subfield code="v">31</subfield>
  </datafield>
  <datafield tag="490" ind1=" " ind2=" ">
    <subfield code="a">Yak&#x131;n tarih serisi</subfield>
    <subfield code="v">19</subfield>
  </datafield>
  <datafield tag="600" ind1=" " ind2=" ">
    <subfield code="a">Atat&#xFC;rk, Mustafa Kemal</subfield>
    <subfield code="c">Gazi</subfield>
    <subfield code="d">1881-1938</subfield>
    <subfield code="x">Suikast giri&#x15F;imi</subfield>
  </datafield>
  <datafield tag="650" ind1=" " ind2=" ">
    <subfield code="a">T&#xFC;rkiye</subfield>
    <subfield code="x">Tarih</subfield>
    <subfield code="x">&#x130;zmir suikast&#x131;</subfield>
  </datafield>
  <datafield tag="650" ind1=" " ind2=" ">
    <subfield code="a">T&#xFC;rkiye</subfield>
    <subfield code="x">Tarih</subfield>
    <subfield code="y">&#x130;stiklal Mahkemeleri</subfield>
  </datafield>
  <datafield tag="700" ind1=" " ind2=" ">
    <subfield code="a">K&#x131;l&#x131;&#xE7;, S&#xFC;mer</subfield>
    <subfield code="e">yay. haz.</subfield>
  </datafield>
  <datafield tag="942" ind1=" " ind2=" ">
    <subfield code="2">ddc</subfield>
    <subfield code="c">BKS</subfield>
  </datafield>
  <datafield tag="999" ind1=" " ind2=" ">
    <subfield code="d">12555</subfield>
  </datafield>
</record>
